Квиз о Узбекистану - Statistics

General Stats
  • This quiz has been taken 76 times
  • The average score is 9 of 17
Answer Stats
Опис Одговор % Correct
До 1991. године, Узбекистан је био део ове државе Совјетски Савез
92%
Религија већине становништва Ислам
92%
Главни град Ташкент
88%
Називи свих држава са којима се Узбекистан граничи, завршавају на ова четири слова Стан
88%
Трговачка рута која је пролазила кроз Узбекистан до 18. века Пут {свиле}
85%
"Де факто" други званични језик Руски
83%
Лихтенштајн и Узбекистан су једине две државе које немају ________, а чији суседи немају ________ такође Излаз на море
72%
Некада четврто највеће језеро на свету, данас је скоро испарило {Аралско} море
57%
Регија чији је Узбекистан део {Централна} Азија
57%
Освајач који је ово подручје заузео 327. п.н.е. Александар Велики
55%
Званичан језик Узбечки
53%
Други највећи град, био је важна станица на рути изнад Самарканд
30%
Прво велико царство чији је Узбекистан био део Ахеменидско царство (Персија)
27%
Најважнији усев узгајан у овој држави (почиње на слово П) Памук
22%
Војсковођа рођен у Шахрибазу 1336. године. У његовим освајањима је страдало око 5% светске популације Тамерлан
17%
Етничка групација у коју спадају Узбеци, Казаси и Ујгури {Туркијски} народи
17%
Узбекистан је и део ове древне регије, која је дала назив врсти камиле Бактрија
5%
No matching quizzes found
Score Distribution
Percent of People with Each Score
Percentile by Number Answered
Your Score History
You have not taken this quiz